LDR 00995naa#a2200205#i#450# 001 RU\\bibl\122857 005 20260512160829.2 011 ## _a2073-4018 100 ## _a20260508b2026####ek#y0rusy0150####ca 101 0# _aRUS 102 ## _aRU 200 1# _aСовременное состояние производства сыра в структуре молочной промышленности стран ЕАЭС _eЖурнальная статья 210 1# _aКемерово _cКемеровский государственный университет _d2026 215 ## _a6 с. 608 ## _aЖурнальная статья _2local 675 ## _aСельское хозяйство. Лесное хозяйство. Охота. Рыбное хозяйство. 63 _zRUS 700 #1 _aШайлиева _gМарина Магометовна 700 #1 _aНестеренко _gЮлия Николаевна 700 #1 _aПопов _gВалерий Владимирович 856 4# _avestnik-pses.kemsu.ru _u